[Event "ACCENTUS Biel GMT 2018"]
[Site "Biel"]
[Date "2018.07.25"]
[Round "4"]
[White "Mamedyarov, Shakhriyar"]
[Black "Svidler, Peter"]
[Result "1/2-1/2"]
[WhiteElo "2801"]
[BlackElo "2753"]
[Annotator "TA"]
[PlyCount "82"]
[EventDate "2018.07.22"]
[EventCountry "SUI"]
[SourceTitle "playchess.com"]
[Source "ChessBase"]
[SourceQuality "1"]

{[%evp 19,82,22,27,18,29,13,27,3,61,55,54,60,65,55,44,50,46,42,44,17,24,17,20,6,21,22,19,0,23,26,21,25,21,19,20,27,31,32,34,35,35,17,18,13,10,0,0,0,0,0,0,0,0,0,0,0,0,0,0,0,0,0,0,0,0]} 1. d4 Nf6 2. c4 g6 3. g3 c6 4. Bg2 d5 5. Qa4 dxc4 6. Qxc4 Be6 7. Qa4 Bg7 8. Nf3 O-O 9. O-O Nbd7 {D78: Fianchetto Grünfeld: 6 0-0 c6} 10. Nc3 Nd5 {LiveBook: 4 Games} (10... Nb6 11. Qc2 Bc4 12. Rd1 Nfd5 13. e4 Nxc3 14. bxc3 Qc8 15. a4 h6 16. Rb1 Ba6 17. Bf4 {1-0 (36) Dreev,A (2653)-Izzat,K (2484) chess.com INT 2018}) 11. Rd1 N7f6 $146 ({Predecessor:} 11... Nxc3 12. bxc3 Bd5 13. Qc2 Nf6 14. Ba3 Qc7 15. Qd3 Be4 16. Qe3 Rfe8 17. Bf1 {1-0 (72) Ushenina,A (2443)-Bodnaruk,A (2446) Sochi 2018}) 12. h3 Qb6 13. Ne1 Rfd8 ({Better is} 13... Nxc3 $11 14. bxc3 Bd5) 14. e4 $14 Nxc3 15. bxc3 Qb5 16. Qxb5 (16. Qc2 {is interesting.} Bc4 17. Nd3 Nd7 18. Rb1 Qa6 19. Bg5) 16... cxb5 17. Ba3 Bf8 18. d5 Bc8 19. Rac1 e6 20. d6 e5 21. Nd3 Ne8 {[%cal Bf6e8,Be8d6,Bd6c4][%mdl 32]} 22. Nxe5 Be6 {[%cal Re8d6]} 23. Rd2 Bxd6 24. Rcd1 {[%cal Ra3d6]} Bc7 25. Nd7 Nd6 {[#] ...Nc4 is the strong threat.} 26. Nf6+ Kg7 27. Nd5 Bxd5 28. Rxd5 {[%cal Ra3d6]} ({Much weaker is} 28. exd5 Nc4 $15) 28... Nc4 29. Bc5 a6 30. f4 Rxd5 {The position is equal.} 31. Rxd5 Bb6 32. e5 Rc8 33. Bxb6 Nxb6 $11 {[%mdl 4096] Endgame KRB-KRN} 34. Rd6 Na4 $1 35. Bxb7 Rxc3 36. Bxa6 Rxg3+ 37. Kh2 Ra3 38. Bxb5 Rxa2+ 39. Kg3 Nc5 {[#] Strongly threatening ...Ne4+.} 40. Rd4 Ra3+ 41. Kg2 Ne6 {Precision: White = 48%, Black = 66%.} 1/2-1/2

[Event "ACCENTUS Biel GMT 2018"]
[Site "Biel"]
[Date "2018.07.25"]
[Round "4"]
[White "Navara, David"]
[Black "Vachier-Lagrave, Maxime"]
[Result "1/2-1/2"]
[WhiteElo "2741"]
[BlackElo "2779"]
[Annotator "TA"]
[PlyCount "56"]
[EventDate "2018.07.22"]
[EventCountry "SUI"]
[SourceTitle "playchess.com"]
[Source "ChessBase"]
[SourceQuality "1"]

{[%evp 18,56,10,0,33,41,24,37,23,25,67,74,82,87,89,72,70,17,37,35,39,6,1,6,12,-83,0,0,0,0,254,0,0,0,0,0,0,0,0,0,0]} 1. d4 Nf6 2. c4 g6 3. Nc3 d5 4. Nf3 Bg7 5. cxd5 Nxd5 6. e4 Nxc3 7. bxc3 c5 8. Be3 Qa5 9. Nd2 {D85: Exchange Grünfeld: Unusual White 7th moves and lines with 7 Nf3} Bd7 10. Rb1 {LiveBook: 12 Games} Ba4 (10... Qxc3 11. d5 b6 12. Bc4 O-O 13. O-O Qa5 14. Qe2 e6 15. e5 exd5 16. Bxd5 Nc6 {½-½ (79) Mamedyarov,S (2799)-Svidler,P (2765) Riadh 2017}) 11. Qxa4+ {White is slightly better.} Qxa4 12. Bb5+ {[#]} Qxb5 $1 {[%mdl 512]} 13. Rxb5 b6 14. dxc5 {[#]} Nd7 $146 ({Predecessor:} 14... Bxc3 15. Ke2 Bxd2 16. Kxd2 Nd7 {½-½ (30) Melkumyan,H (2620)-Khalifman,A (2632) Moscow 2012}) 15. Ke2 Bxc3 16. Nb3 O-O 17. c6 ({Reject} 17. cxb6 axb6 18. Rd1 Rxa2+ 19. Kf1 Ra7 $15) (17. Rd1 $14 Nxc5 18. Nxc5 bxc5 19. Bxc5 (19. Rxc5 Bb4 $14)) 17... Nf6 $11 18. Kd3 $36 {[%mdl 2048] White has some pressure.} Bb2 $1 19. Nd2 (19. Na5 $5 {[%cal Rb5b2]} Rad8+ 20. Kc2 $14) 19... Rfd8+ $1 20. Kc4 Ba3 21. e5 (21. Kb3 $1 $11 Bc5 22. Bxc5 Rxd2 23. Bxe7 Nxe4 24. f3) 21... Rac8 ({Black should play} 21... Ng4 $17 22. Nb1 Nxe3+ 23. fxe3 Bc5) 22. exf6 {[#] aiming for Kb3.} Rxc6+ 23. Kb3 Rd3+ 24. Ka4 {Hoping for Rb3.} Bd6 {[%csl Gd6][%cal Rd3a3] The position is equal.} 25. Rb3 Rd5 {[%csl Gb6][%cal Rd5a5]} 26. Rb5 Rd3 {[%csl Gd6][%cal Rd3a3]} 27. Rb3 Rd5 {[%csl Gb6][%cal Rd5a5]} 28. Rb5 Rd3 {Precision: White = 53%, Black = 78%.} 1/2-1/2

[Event "ACCENTUS Biel GMT 2018"]
[Site "Biel"]
[Date "2018.07.25"]
[Round "4"]
[White "Georgiadis, Nico"]
[Black "Carlsen, Magnus"]
[Result "1/2-1/2"]
[WhiteElo "2526"]
[BlackElo "2842"]
[Annotator "TA"]
[PlyCount "116"]
[EventDate "2018.07.22"]
[EventCountry "SUI"]
[SourceTitle "playchess.com"]
[Source "ChessBase"]
[SourceQuality "1"]

{[%evp 22,116,61,55,70,-20,-20,-19,-22,0,0,0,0,0,0,0,-8,-15,-16,-65,-64,-68,-68,-73,-36,-23,-38,-114,-140,-156,-161,-144,-99,-122,-43,-50,-35,-47,0,0,0,0,0,0,0,0,0,0,0,-22,0,0,4,0,0,0,0,0,0,0,0,0,0,0,0,0,0,0,0,0,0,0,0,0,0,0,0,0,0,0,0,0,0,0,0,0,0,0,0,0,0,0,0,0,0,0,0]} 1. e4 e6 2. d4 d5 3. Nc3 Bb4 4. e5 c5 5. a3 Ba5 6. b4 cxd4 7. Qg4 Kf8 {C18: French: 3 Nc3 Bb4: Main line: 7 h4 and 7 Qg4} 8. Nb5 Bc7 9. Qxd4 (9. Qg3 Nc6 10. f4 a6 11. Nxc7 Qxc7 12. Bb2 Nge7 13. Bd3 Nf5 14. Qf2 Bd7 15. Nf3 {1-0 (29) Fedoseev,V (2724)-Mamedyarov,S (2809) Moscow 2018}) 9... Nc6 10. Qc5+ Nge7 11. Nxc7 Qxc7 12. Nf3 {[#] LiveBook: 4 Games. And now b5 would win.} b6 13. Qd6 $146 ({White should try} 13. Qc3 $1 $14 Qd8 14. Bd3) ({Predecessor:} 13. Qc3 a6 14. Bd3 Bb7 15. Bf4 {½-½ (48) Van Haastert,E (2440)-Berelowitsch,A (2549) Belgium 2014}) 13... Qxd6 $1 $11 14. exd6 Nf5 15. Bf4 f6 {With the idea ...e5.} 16. g4 Nfd4 17. Nxd4 Nxd4 18. O-O-O $1 e5 19. Rxd4 exd4 20. Bb5 Bxg4 21. Re1 g5 22. Bg3 $1 Rd8 {Hoping for ...Bd7.} 23. Re7 h5 24. h4 (24. f4 $1 $15) 24... gxh4 $17 25. Bf4 Bf5 26. Rxa7 Rh7 27. Rc7 Bd7 (27... Kg8 $17 {aiming for ...Rg7.} 28. Bc6 Rg7 29. Bxd5+ Kh8) 28. Bc6 $15 h3 29. Kd2 Rg7 30. Bh6 {[#]The position is equal.} Bxc6 $1 {[%mdl 512]} 31. Rxg7 ({Reject} 31. Bxg7+ Kg8 $17) (31. Rxc6 Ke8) 31... Rxd6 $11 {[%mdl 4096] Endgame KRB-KRB} (31... Bb5 $2 32. Rd7+ Kg8 33. Rxd8+ $18) 32. Rg5+ $1 ({But not} 32. Rd7+ Kg8 $17) 32... Kf7 33. Rxh5 Bb5 34. Rxh3 Re6 35. Rf3 Kg6 36. Bf4 Rc6 37. Bg3 Rc4 38. Rd3 Kf5 39. Rf3+ Ke6 40. Rd3 f5 {[%cal Bf6f5,Bf5f4][%mdl 32]} 41. f3 f4 42. Bf2 Ke5 43. c3 Rc6 44. Rxd4 Rh6 45. Kc1 Rh3 46. Rd2 Rxf3 47. Bd4+ Ke4 48. Kb2 Rd3 49. Rxd3 Kxd3 50. Bxb6 {KB-KB} Ba4 51. Ba7 f3 52. Bg1 Kd2 53. Ba7 $1 Bd1 54. Bc5 Ba4 55. Ba7 Ke2 56. c4 d4 (56... dxc4 $5 57. Kc3 $8 Bb5 $11) 57. Bxd4 {Strongly threatening Kc3.} Kd3 58. Ba7 $1 Kxc4 {Precision: White = 76%, Black = 77%.} 1/2-1/2

[Event "ACCENTUS Biel GMT 2018"]
[Site "Biel"]
[Date "2018.07.26"]
[Round "5"]
[White "Carlsen, Magnus"]
[Black "Mamedyarov, Shakhriyar"]
[Result "1/2-1/2"]
[WhiteElo "2842"]
[BlackElo "2801"]
[Annotator "TA"]
[PlyCount "133"]
[EventDate "2018.07.22"]
[EventCountry "SUI"]
[SourceTitle "playchess.com"]
[Source "ChessBase"]
[SourceQuality "1"]

{[%evp 21,133,12,28,26,31,29,23,24,25,25,18,15,36,8,52,45,45,44,43,27,41,33,41,35,42,18,18,18,18,18,18,18,18,18,18,18,18,2,3,0,2,7,0,0,0,-3,19,19,19,8,19,19,35,19,29,19,19,16,27,16,21,17,87,0,8,0,0,0,0,0,0,0,0,0,0,0,0,0,0,0,0,0,0,0,0,0,0,0,0,0,0,0,0,0,0,0,0,0,0,0,0,0,0,0,0,0,0,0,0,0,0,0,0,0]} 1. e4 e5 2. Nf3 Nc6 3. Bb5 a6 4. Ba4 Nf6 5. d3 b5 6. Bb3 Bc5 7. c3 d6 8. Bg5 {C77: Ruy Lopez: 3...a6 4 Ba4 Nf6, unusual lines} h6 9. Bh4 O-O 10. Nbd2 Be6 11. O-O Bb6 {LiveBook: 3 Games} 12. Re1 Bxb3 $146 ({Predecessor:} 12... Kh7 13. Bc2 Ne7 14. d4 Ng6 15. Bg3 Re8 {0-1 (33) Grischuk,A (2761)-Mamedyarov,S (2800) Paris 2017}) 13. Nxb3 Nb8 14. d4 Nbd7 15. a4 Re8 16. Qc2 Qe7 17. h3 Rab8 18. axb5 axb5 19. Na5 Bxa5 $1 20. Rxa5 c6 21. Ra7 {[#] Threatens to win with dxe5.} Qe6 22. Rd1 Nf8 23. Rc7 Rec8 $1 {[%cal Rc8c7]} 24. Rxc6 Rxc6 25. d5 Qc8 26. dxc6 Ne8 $1 27. Be7 Qxc6 28. Nh4 Ng6 29. Nf5 {[%cal Re7d6]} Rb7 $1 30. Bxd6 {Black should prevent Bb4.} Rd7 {[%cal Re8d6]} 31. Ba3 {Strongly threatening Rxd7.} Rxd1+ 32. Qxd1 {Hoping for Qd8.} Qxe4 33. Ne3 Nf6 34. g3 h5 35. h4 Qc6 36. Bb4 Kh7 37. b3 Qa8 38. c4 bxc4 39. bxc4 Qc6 40. Bd6 Kg8 41. c5 Qe4 (41... Ne4 $11) 42. Qf1 ({Better is} 42. Qb3 $16) 42... Nd5 {The position is equal.} 43. Nxd5 Qxd5 44. Qc1 f6 45. Qc2 e4 46. Kf1 Kf7 47. Qa4 Qd3+ 48. Kg1 {[#] aiming for Qa2+.} Kg8 49. Qa2+ Kh7 50. Kh2 Qd1 51. Qa3 Qd2 52. Qe3 Qd5 53. Qc1 Kg8 54. Kg1 Kf7 55. Qa1 Kg8 56. Qc1 Kf7 57. Qb1 Ne7 58. Bxe7 Kxe7 $11 {[%mdl 4096] Endgame KQ-KQ} 59. Qb6 Qd1+ 60. Kh2 Qd4 61. Qb7+ Ke6 62. Qc6+ Ke7 63. Kg2 e3 64. Qb7+ Ke6 65. Qc8+ Kd5 66. fxe3 Qg4 67. Qd8+ {Precision: White = 57%, Black = 74%.} 1/2-1/2

[Event "ACCENTUS Biel GMT 2018"]
[Site "Biel"]
[Date "2018.07.26"]
[Round "5"]
[White "Vachier-Lagrave, Maxime"]
[Black "Georgiadis, Nico"]
[Result "1-0"]
[WhiteElo "2779"]
[BlackElo "2526"]
[Annotator "TA"]
[PlyCount "71"]
[EventDate "2018.07.22"]
[EventCountry "SUI"]
[SourceTitle "playchess.com"]
[Source "ChessBase"]
[SourceQuality "1"]

{[%evp 17,71,9,15,14,0,-8,41,44,39,40,41,37,36,32,42,36,46,66,81,75,79,75,75,75,66,76,77,75,75,75,75,75,75,75,83,87,89,79,82,76,86,34,76,76,139,146,188,199,189,190,209,200,241,238,2243,708]} 1. c4 Nf6 2. Nc3 e6 3. e4 d5 4. e5 d4 5. exf6 dxc3 6. bxc3 Qxf6 7. Nf3 Nc6 {A18: English Opening: Flohr-Mikenas System (1 c4 Nf6 2 Nc3 e6 3 e4)} 8. d4 e5 {[%cal Be6e5,Be5d4][%mdl 32]} 9. Be2 {[%cal Bf1e2,Be2d3,Bd3e4][%mdl 32]} exd4 {LiveBook: 8 Games. The position is equal.} 10. Bg5 Qg6 11. O-O {Bd3 is the strong threat.} Be7 (11... dxc3 12. Bd3 Qd6 13. Re1+ Be7 14. c5 Qxc5 15. Bxe7 Nxe7 16. Re5 {1-0 (36) Dubov,D (2701)-Nakamura,H (2787) Moscow 2018}) 12. Bd3 $146 ({Predecessor:} 12. Bxe7 Nxe7 13. cxd4 O-O 14. Bd3 Qf6 15. Qc2 h6 16. Rab1 {0-1 (36) Foglieni,M (2021)-Fantinel,T (2429) Bratto 2016}) 12... Qd6 13. Bxe7 Nxe7 14. cxd4 O-O 15. Re1 b6 16. c5 Qf6 17. Be4 c6 18. cxb6 axb6 19. Qb1 Bf5 20. Qxb6 Bxe4 21. Rxe4 Qd6 22. Qc5 Qxc5 23. dxc5 Nd5 24. a4 g6 25. g3 Rfb8 26. Rc4 Ra6 27. Nd4 Rb2 28. Ra3 Kg7 29. Rd3 (29. h3 $16) 29... Ne7 30. Nf3 Nd5 (30... Rb7 $142) 31. Ne5 $16 Rb4 32. Rxb4 Nxb4 33. Rd7 Kg8 34. Nxf7 ({Resist} 34. Rxf7 $6 Nd3 $16) 34... Ra5 35. Ng5 Rxc5 $2 {[#]} (35... h6) 36. Rd8+ {Precision: White = 86%, Black = 36%.} 1-0

[Event "ACCENTUS Biel GMT 2018"]
[Site "Biel"]
[Date "2018.07.26"]
[Round "5"]
[White "Svidler, Peter"]
[Black "Navara, David"]
[Result "1/2-1/2"]
[WhiteElo "2753"]
[BlackElo "2741"]
[Annotator "TA"]
[PlyCount "80"]
[EventDate "2018.07.22"]
[EventCountry "SUI"]
[SourceTitle "playchess.com"]
[Source "ChessBase"]
[SourceQuality "1"]

{[%evp 20,80,0,-10,48,30,41,28,45,15,23,16,23,35,32,32,35,11,14,5,5,8,16,15,17,16,19,17,16,12,12,13,14,14,15,3,5,0,0,5,5,5,5,5,5,4,5,5,5,5,5,5,10,12,16,5,5,0,12,5,14,6,18]} 1. c4 Nf6 2. Nc3 e5 3. Nf3 Nc6 4. e3 Bb4 5. Qc2 Bxc3 6. Qxc3 Qe7 7. b3 {A28: English Opening: Four Knights Variation} d5 (7... O-O 8. Bb2 Re8 9. a3 a5 10. h3 b6 11. Be2 Bb7 12. O-O d5 13. cxd5 Nxd5 14. Qc2 e4 {1-0 (41) Caruana,F (2822)-Karjakin,S (2782) Stavanger 2018}) 8. d4 exd4 9. Nxd4 Nxd4 10. Qxd4 c5 11. Qf4 {LiveBook: 4 Games} O-O (11... g5 $11 12. Qxg5 Rg8) 12. Bb2 $14 {Strongly threatening Bxf6.} d4 13. O-O-O dxe3 $1 14. Re1 Qe4 $1 {[%cal Re4f4]} 15. Qxe3 {[#]} Bf5 $146 {[%csl Gf5][%cal Re4c2] [#]} 16. Qxe4 Nxe4 17. Bd3 Rfe8 18. Bc2 f6 {The position is equal.} 19. f3 Nd6 20. Bd1 b6 21. Bc3 Nf7 22. g4 Bd7 23. f4 Bc6 24. Rxe8+ Rxe8 25. Re1 Kf8 26. Rxe8+ Kxe8 $11 {[%mdl 4096] Endgame KBB-KBN} 27. Bc2 h6 28. Kd2 Bf3 29. h3 Bg2 30. h4 Bf3 31. g5 hxg5 32. hxg5 fxg5 33. fxg5 Nxg5 34. Ke3 {[#] Black must now prevent Kf4.} Bc6 35. Bxg7 Kd7 36. Be5 Kc8 37. Bf5+ Bd7 38. Bc2 Kb7 39. Bc3 Ne6 40. Bf5 Nf8 {Precision: White = 56%, Black = 67%.} 1/2-1/2

[Event "ACCENTUS Biel GMT 2018"]
[Site "Biel"]
[Date "2018.07.27"]
[Round "6"]
[White "Svidler, Peter"]
[Black "Vachier-Lagrave, Maxime"]
[Result "0-1"]
[WhiteElo "2753"]
[BlackElo "2779"]
[Annotator "TA"]
[PlyCount "62"]
[EventDate "2018.07.22"]
[EventCountry "SUI"]
[SourceTitle "playchess.com"]
[Source "ChessBase"]
[SourceQuality "1"]

{[%evp 18,62,15,18,85,98,88,45,50,4,6,0,1,14,12,0,2,0,30,27,32,31,35,-50,-52,-37,-52,-52,-8,-12,-8,-21,-8,-8,-7,-55,-64,-64,-56,-165,-166,-438,-436,-438,-436,-437,-433]} 1. c4 c5 2. Nf3 Nf6 {[%cal Bg8f6,Bf6d5,Bd5b4,Bb4d3][%mdl 32]} 3. Nc3 d5 4. cxd5 Nxd5 5. e4 Nb4 6. Bc4 Nd3+ 7. Ke2 Nf4+ {A34: Symmetrical English: 2 Nc3, lines with ...d5} 8. Kf1 Ne6 9. d3 (9. h4 Nd4 10. d3 e6 11. Bf4 a6 12. Nxd4 cxd4 13. Ne2 Nc6 14. a3 Bd6 15. Bxd6 Qxd6 {0-1 (34) Svidler,P (2751)-Vachier Lagrave,M (2804) Tbilisi 2017}) 9... Nc6 10. h4 {[%cal Bh2h4,Bh4h5][%mdl 32] LiveBook: 8 Games} g6 (10... h5 $11) 11. h5 $146 ({Predecessor:} 11. Be3 Ned4 12. Nd5 Bg7 13. Nxd4 Bxd4 14. h5 Bxe3 15. Nxe3 {1-0 (41) Krassowizkij,J (2452)-Clitan,Z (2115) Ditzingen 2017}) 11... Bg7 12. Be3 Ned4 13. h6 Bf6 14. Nd5 Bg4 15. Nxf6+ exf6 16. Bxd4 Nxd4 17. Qa4+ $1 Qd7 18. Qxd7+ Bxd7 19. Nxd4 cxd4 20. e5 (20. Ke2 $14) 20... fxe5 $15 21. Re1 $1 {[%cal Re1e5]} f6 $36 {[%cal Bf7f6,Bf6f5,Bf5f4,Bf4g3][%mdl 2080] Black is pushing.} 22. f4 $1 Rf8 {next ...Ke7 is good for Black.} 23. Kg1 $1 Ke7 {And now ...Kd6 would win.} 24. fxe5 f5 25. Rh4 f4 26. Re4 g5 27. Rh5 Rf5 28. g4 (28. Kf2 $15) 28... fxg3 $19 {Threatens to win with ...Bc6.} 29. Rg4 $2 {[#]} (29. Rxd4 Rxe5 30. Re4 Rxe4 31. dxe4) 29... Raf8 {Black is clearly winning.} 30. Rhxg5 Rf1+ 31. Kg2 {Black should prevent Rg7+.} Bc6+ {Precision: White = 37%, Black = 63%.} 0-1

[Event "ACCENTUS Biel GMT 2018"]
[Site "Biel"]
[Date "2018.07.27"]
[Round "6"]
[White "Navara, David"]
[Black "Carlsen, Magnus"]
[Result "1/2-1/2"]
[WhiteElo "2741"]
[BlackElo "2842"]
[Annotator "TA"]
[PlyCount "89"]
[EventDate "2018.07.22"]
[EventCountry "SUI"]
[SourceTitle "playchess.com"]
[Source "ChessBase"]
[SourceQuality "1"]

{[%evp 23,89,25,52,36,36,36,36,34,29,29,15,24,38,17,16,18,17,27,36,16,19,19,54,20,19,19,17,29,25,0,0,0,0,0,0,0,0,0,0,0,0,0,0,0,0,0,14,14,14,14,14,14,14,14,14,14,14,14,14,14,19,14,14,14,14,11,11,0]} 1. d4 Nf6 2. c4 e6 3. Nf3 d5 4. Nc3 c5 5. cxd5 Nxd5 6. e4 Nxc3 7. bxc3 cxd4 8. cxd4 Bb4+ 9. Bd2 Bxd2+ 10. Qxd2 O-O 11. Rc1 b6 {D41: Queen's Gambit Declined: Semi-Tarrasch with 5 cxd5} 12. Bd3 Ba6 {LiveBook: 9 Games} 13. Bxa6 Nxa6 {White is slightly better.} 14. O-O {[#]} Rc8 $146 ({Predecessor:} 14... Qe7 15. Qe2 Qb7 16. Ne5 Rac8 17. h4 Nb8 18. Nc4 Qa6 19. Rc2 {½-½ (61) So,W (2788)-Dominguez Perez,L (2739) Saint Louis 2017}) 15. Rxc8 Qxc8 16. Rc1 Qb7 17. Qc2 Nb4 18. Qc4 a5 $1 19. a3 b5 20. Qc7 Qxc7 21. Rxc7 $11 {[%mdl 4096] Endgame KRN-KRN} Nd3 22. g3 Rb8 23. Rc3 Nb2 24. Ne5 f6 25. Nc6 $1 {[%csl LRa5,LRb8]} Ra8 26. Rb3 Nc4 {The position is equal.} 27. Rxb5 a4 28. d5 exd5 29. exd5 Nxa3 30. Rc5 Kf7 31. Nd4 {[#] And now d6 would win.} Ke7 32. Rc3 $1 {[%cal Rc3a3]} Nb1 33. Rc7+ Kd6 34. Nb5+ Kxd5 35. Rc1 {Threatens to win with Nc7+.} a3 {...a2 is the strong threat.} 36. Rxb1 {KRN-KR} a2 37. Nc3+ Kd4 {[#]} 38. Nxa2 $1 {[%mdl 512]} Rxa2 {KR-KR} 39. Rb7 Ke4 40. Kg2 g5 41. Rxh7 Kf5 42. Rg7 g4 43. Rh7 Kg6 44. Rh4 f5 45. h3 {Precision: White = 78%, Black = 78%.} 1/2-1/2

[Event "ACCENTUS Biel GMT 2018"]
[Site "Biel"]
[Date "2018.07.27"]
[Round "6"]
[White "Georgiadis, Nico"]
[Black "Mamedyarov, Shakhriyar"]
[Result "0-1"]
[WhiteElo "2526"]
[BlackElo "2801"]
[Annotator "TA"]
[PlyCount "78"]
[EventDate "2018.07.22"]
[EventCountry "SUI"]
[SourceTitle "playchess.com"]
[Source "ChessBase"]
[SourceQuality "1"]

{[%evp 26,78,-1,0,0,0,6,-6,0,-25,-25,-28,-22,-27,-26,-25,-20,-41,-45,-47,-40,-89,-64,-85,-56,-58,-45,-74,-35,-35,0,-30,0,-66,14,-81,-74,-49,-79,-171,-179,-175,-146,-156,-180,-187,-155,-308,-311,-931,-668,-700,-696,-678,-656]} 1. e4 {Roiz,M} c5 2. Nf3 d6 3. d4 cxd4 4. Nxd4 Nf6 5. Nc3 a6 6. Be2 e5 7. Nb3 Be7 8. Be3 Be6 9. Nd5 Nbd7 10. Qd3 Bxd5 11. exd5 Rc8 12. c4 O-O 13. O-O Ne8 {B92: Sicilian Najdorf: 6 Be2} 14. Qd2 {LiveBook: 12 Games} b6 15. Rac1 a5 {The position is equal.} 16. Na1 {[#]} f5 $146 {[%cal Bf7f5,Bf5f4][%mdl 32] White must now prevent ...f4.} ({Predecessor:} 16... g6 17. b4 Ng7 18. bxa5 bxa5 19. Bd3 Nc5 20. Bc2 a4 21. Rb1 {0-1 (66) Carlsen,M (2853)-Grischuk,A (2771) Saint Louis 2015 CBM 168 [Roiz,M]}) 17. f3 f4 18. Bf2 Bh4 19. Bd3 Bxf2+ 20. Qxf2 Nc5 21. Bc2 g6 22. Rfe1 Ng7 23. Be4 Qd7 24. Nc2 Nf5 25. b3 Kh8 26. Rb1 Ng7 27. Na3 Nf5 {[%cal Bg7f5,Bf5d4,Bd4c2][%mdl 32]} 28. Nb5 Rf6 29. a3 (29. Bc2 $11) 29... g5 (29... a4 $15 30. bxa4 Ne3) 30. Nc3 (30. Bc2 $11 {remains equal.}) 30... Nd4 $1 $17 31. b4 axb4 32. Rxb4 {[#]} (32. axb4 $17 Nxe4 33. Nxe4) 32... g4 $1 $19 {[%cal Rg4f3] Hoping for ...gxf3.} 33. Qh4 Nxe4 34. Nxe4 Rg6 35. fxg4 {[#]} Nc2 $1 {[%cal Rc2e1]} 36. Rxb6 $2 (36. Rc1 $17 Nxb4 37. axb4) 36... Nxe1 37. Nf6 $2 (37. Qxe1 Qxg4 38. Rb2) 37... Qg7 {...Nd3 is the strong threat.Black is clearly winning.} 38. Rxd6 Rh6 39. Qxe1 Rxf6 {Precision: White = 19%, Black = 72%.} 0-1

[Event "ACCENTUS Biel GMT 2018"]
[Site "Biel"]
[Date "2018.07.29"]
[Round "7"]
[White "Carlsen, Magnus"]
[Black "Vachier-Lagrave, Maxime"]
[Result "1/2-1/2"]
[WhiteElo "2842"]
[BlackElo "2779"]
[Annotator "TA"]
[PlyCount "97"]
[EventDate "2018.07.22"]
[EventCountry "SUI"]
[SourceTitle "playchess.com"]
[Source "ChessBase"]
[SourceQuality "1"]

{[%evp 24,97,30,23,58,69,59,67,68,75,61,44,53,59,57,28,32,20,17,19,101,84,96,64,80,87,101,93,79,86,99,87,98,37,29,0,0,-37,-45,-63,-63,-63,-60,-63,-63,-63,-63,-63,-56,-62,-49,-49,-49,-47,-40,-15,-15,-15,-8,-25,-31,-51,0,-17,-26,-20,-31,-29,-8,-8,0,0,0,0,0,0]} 1. e4 c5 2. Nf3 d6 3. d4 cxd4 4. Nxd4 Nf6 5. Nc3 a6 6. f3 e5 7. Nb3 Be6 8. Be3 h5 9. Qd2 Nbd7 10. Nd5 {B90: Sicilian Najdorf: Unusual White 6th moves, 6 Be3 Ng4 and 6 Be3 e5} Bxd5 11. exd5 g6 12. Be2 (12. O-O-O Nb6 13. Kb1 Nbxd5 14. Bg5 Be7 15. Bd3 Rc8 16. Rhe1 O-O {1-0 (57) Vidit,S (2707)-Korobov,A (2678) Poikovsky 2018}) 12... Bg7 13. O-O {LiveBook: 59 Games} a5 14. a4 O-O 15. Bb5 $146 ({Predecessor:} 15. Nc1 Nc5 16. c3 Qc7 17. Rd1 Kh7 {½-½ (36) Palekha,A (2421)-Kovchan,A (2536) Serpukhov 2003}) 15... Qc7 16. c4 b6 17. h3 Nc5 18. Nxc5 bxc5 19. Ra3 {[%cal Ba1a3,Ba3b3,Bb3b5][%mdl 32]} Nh7 20. Rb3 f5 21. Bc6 Rab8 {[#]} (21... Ra7 $11) 22. Rb5 $1 $36 {[%mdl 2048] White is really pushing.} f4 23. Bf2 e4 24. Qc2 Qe7 25. Qxe4 Qxe4 26. fxe4 Ng5 {[#]} 27. Re1 $1 ({Not} 27. Rxa5 Rxb2 28. Rb5 Rc2 $17) 27... Nf7 28. Rb1 ({Reject} 28. Rxa5 Rxb2 29. Rb5 Ra2 $15) (28. b3 $16) 28... Ng5 $1 $14 29. Rxa5 Rb3 $1 30. Rb5 (30. e5 $5 Bxe5 31. Rb5 $14) 30... Rd3 $1 {[%mdl 1024] Threatens to win with ...f3. Black has compensation.} 31. Re1 {And now h4 would win.} f3 32. h4 Nf7 $1 {[%cal Rf7e5] Hoping for ...Ne5.} 33. a5 Ne5 $1 34. a6 Rd2 35. a7 fxg2 $1 {( -> ...Nf3+)} 36. a8=Q Nf3+ 37. Kxg2 {Black must now prevent Qxf8+!} Nxe1+ 38. Kf1 Rdxf2+ 39. Kxe1 {Strongly threatening Rb8.} Rxa8 40. Kxf2 $15 {[%mdl 4096] Endgame KRB-KRB} Rf8+ 41. Ke2 Rf4 42. b4 cxb4 ({Better is} 42... Rxe4+ $15 43. Kf3 Rxc4 44. bxc5 dxc5) 43. c5 Be5 44. cxd6 Bxd6 45. Kd3 Kf7 46. Rb6 {The position is equal.} Bc5 47. Rb5 Bd6 48. Rb6 Bc5 49. Rb5 {Precision: White = 63%, Black = 64%.} 1/2-1/2